000 00737nam a2200253 i 4500
001 000030479
003 DO-SdBNP
005 20240704105457.0
007 ta
008 240704s2016 dr a 000 | spa d
020 _a9789592114883
040 _aDO-SdBNP
_bspa
_cBNPHU
_erda
082 4 _bP438p
_222
100 1 _aPérez, Olga Marta
_957105
_eautor
245 1 0 _aPilar de espuma, una sagaz detective /
_cOlga Marta Pérez
264 _aLa Habana, Cuba :
_bCapitán San Luis ,
_c2016
300 _a40 páginas :
_bilustraciones ;
_c22 cm.
336 _2rdacontent
_atexto
_btxt
337 _2rdamedia
_asin mediación
_bn
338 _2rdacarrier
_avolumen
_bnc
590 _aInventariado, 2024/DG
910 _aDG
942 _2ddc
_cLF2
999 _c57159
_d57159